Early Christianity in Asia Minor : from the margins to the mainstream /

"This volume is part of the Berlin TOPOI project re-examing the early Christian history of Asia Minor, Greece and the South Balkans, and is concerned with the emergence of Christianity in Asia Minor and in Cyprus. Five papers focus on the east Anatolian provinces, including a comprehensive eval...

وصف كامل

محفوظ في:

مؤلفون آخرون: Mitchell, Stephen, 1948- (المحرر), Pilhofer, Philipp (المحرر)

التنسيق: كتاب الكتروني

اللغة: English

منشور في: Leiden Boston : BRILL, 2019.

سلاسل: Ancient Judaism and Early Christianity; volume 109.
Biblical Studies, Ancient Near East and Early Christianity E-Books Online, Collection 2020, ISBN: 9789004407367.

الموضوعات:

الوصول للمادة أونلاين: Login to view Source

الوسوم: إضافة وسم

لا توجد وسوم, كن أول من يضع وسما على هذه التسجيلة!

رقم الطلب: BT185 .E27 2019

LEADER 02888cam a22004818i 4500
001 BRILL9789004410800
003 nllekb
005 20210602101651.0
006 m d
007 cr un uuuua
008 190618s2019 ne ab b 001 0 eng
020 |a 9789004410800  |q (electronic book) 
020 |z 9789004410794  |q (print) 
024 7 |a 10.1163/9789004410800  |2 DOI 
035 |a (OCoLC)1110145833 
040 |a NL-LeKB  |c NL-LeKB  |e rda 
043 |a a-tu---  |a a-cy--- 
050 0 0 |a BT185  |b .E27 2019 
072 7 |a HRC  |2 bicssc 
072 7 |a REL  |x 70000  |2 bisacsh 
082 0 0 |a 275.61/02  |2 23 
245 0 0 |a Early Christianity in Asia Minor :  |b from the margins to the mainstream /  |c edited by Stephen Mitchell, Philipp Pilhofer. 
264 1 |a Leiden Boston :  |b BRILL,  |c 2019. 
300 |a 1 online resource. 
336 |a text  |b txt  |2 rdacontent 
337 |a unmediated  |b n  |2 rdamedia 
338 |a volume  |b nc  |2 rdacarrier 
490 1 |a Ancient Judaism and Early Christianity;  |v volume 109 
490 1 |a Biblical Studies, Ancient Near East and Early Christianity E-Books Online, Collection 2020, ISBN: 9789004407367 
504 |a Includes bibliographical references and indexes. 
520 |a "This volume is part of the Berlin TOPOI project re-examing the early Christian history of Asia Minor, Greece and the South Balkans, and is concerned with the emergence of Christianity in Asia Minor and in Cyprus. Five papers focus on the east Anatolian provinces, including a comprehensive evaluation of early Christianity in Cappadocia, a comparative study of the Christian poetry of Gregory of Nazianzus and his anonymous epigraphic contemporaries and three essays which pay special attention to the hagiography of Cappadocia and Armenia Minor. The remaining papers include a new analysis of the role of Constantinople in episcopal elections across Asia Minor, a detailed appraisal of the archaeological evidence from Sagalassos in Pisidia, discussion of the significance of inscriptions in Carian sanctuaries through late antiquity, and a survey of Christian inscriptions from Cyprus". 
650 0 |a Church history  |y Primitive and early church, ca. 30-600. 
651 0 |a Cyprus  |x Church history. 
651 0 |a Turkey  |x Church history. 
700 1 |a Mitchell, Stephen,  |d 1948-  |e editor. 
700 1 |a Pilhofer, Philipp  |e editor. 
776 0 8 |i Print version:  |t Early Christianity in Asia Minor: from the margins to the mainstream,   |d Leiden Boston: BRILL, 2019  |w 9789004410794 
830 0 |a Ancient Judaism and Early Christianity;  |v volume 109. 
830 0 |a Biblical Studies, Ancient Near East and Early Christianity E-Books Online, Collection 2020, ISBN: 9789004407367. 
856 4 |z DOI:   |u http://dx.doi.org/10.1163/9789004410800 
942 |c EBOOK 
952 |0 0  |1 0  |4 0  |7 1  |9 14564  |a BRILL  |b BRILL  |d 2021-06-02  |l 0  |r 2021-06-02 00:00:00  |w 2021-06-02  |y EBOOK 
999 |c 36013  |d 36013